000 00557nam a2200217Ia 4500
003 OSt
005 20220923211736.0
006 a|||||r|||| 00| 0
007 ta
008 220922b |||||||| |||| 00| 0 pan d
024 _a43,916
037 _cTextual
040 _aARTS
_cARTS
_bpan
041 _2pan
_apan
082 _aO153,6M89x, J1
100 _aਲਾਲ ਸਿੰਘ
245 0 _aਵਿਗਿਆਨਕ ਲੇਖ
260 _c1951
942 _hO153,6M89x, J1
_cTEXL
_2CC
999 _c303069
_d303069